Public Finance: An International Perspective (Record no. 43478)

MARC details
000 -LEADER
fixed length control field 00456nam a22001697a 4500
005 - DATE AND TIME OF LATEST TRANSACTION
control field 20250328163809.0
008 - FIXED-LENGTH DATA ELEMENTS--GENERAL INFORMATION
fixed length control field 250328b |||||||| |||| 00| 0 eng d
020 ## - INTERNATIONAL STANDARD BOOK NUMBER
International Standard Book Number 9789811209932
041 ## - LANGUAGE CODE
Language code of text/sound track or separate title eng
082 ## - DEWEY DECIMAL CLASSIFICATION NUMBER
Classification number 336 GRE
100 ## - MAIN ENTRY--PERSONAL NAME
Author Greene, Joshua E
245 ## - TITLE STATEMENT
Title Public Finance: An International Perspective
260 ## - PUBLICATION, DISTRIBUTION, ETC.
Place Singapore
Publisher World Scientific
Publication Year 2021
300 ## - PHYSICAL DESCRIPTION
Extent 519;. pages: 24 cm
650 ## - SUBJECT ADDED ENTRY--TOPICAL TERM
Subject Finance ,Public; Fiscal Policy
942 ## - ADDED ENTRY ELEMENTS (KOHA)
Koha item type Books
Holdings
Withdrawn status Lost status Source of classification or shelving scheme Damaged status Not for loan Home library Current library Shelving location Accession Date Vendor Price Bill number Total Checkouts Total Renewals Full call number Barcode No Date last seen Date last checked out Discount Bill Date Koha item type Suggested By
    Dewey Decimal Classification     IMTN IMTN Rack 12-B 03/24/2025 Raghav Books Private Limited 10091.25 2374 1 2 336 GRE 33765 09/20/2025 08/28/2025 33 02/14/2025 Books Dr. Veena Pailwar
Designed & Maintained by: LRC IMT Nagpur Contact: lrc@imtnag.ac.in© 2024. All Rights Reserved.